Влияние кристаллографической оси на угловое распределение гамма-излучения релятивистских электронов в монокристаллах; Письма в Журнал экспериментальной и теоретической физики; Т. 53, № 9

Dettagli Bibliografici
Parent link:Письма в Журнал экспериментальной и теоретической физики: научно-теоретический журнал.— , 1965-
Т. 53, № 9.— 1991.— [С. 474-476]
Altri autori: Андреяшкин В. Ю., Воробьев С. А. Сергей Александрович, Забаев В. Н. Виктор Николаевич, Каширин А. П., Науменко Г. А. Геннадий Андреевич, Потылицын А. П. Александр Петрович, Тарасов В. М.
Riassunto:Заглавие с экрана
Lingua:russo
Pubblicazione: 1991
Soggetti:
Accesso online:http://www.jetpletters.ac.ru/ps/202/article_3407.shtml
Natura: MixedMaterials Elettronico Capitolo di libro
KOHA link:https://koha.lib.tpu.ru/cgi-bin/koha/opac-detail.pl?biblionumber=636800

MARC

LEADER 00000nla0a2200000 4500
001 636800
005 20250407085643.0
035 |a (RuTPU)RU\TPU\network\856 
090 |a 636800 
100 |a 20140325d1991 k||y0rusy50 ca 
101 0 |a rus 
102 |a RU 
135 |a drnn ---uucaa 
181 0 |a i  
182 0 |a b 
200 1 |a Влияние кристаллографической оси на угловое распределение гамма-излучения релятивистских электронов в монокристаллах  |f В. Ю. Андреяшкин [и др.] 
203 |a Текст  |c электронный 
300 |a Заглавие с экрана 
320 |a [Библиогр.: с. 476 (11 назв.)] 
461 |t Письма в Журнал экспериментальной и теоретической физики  |o научно-теоретический журнал  |d 1965- 
463 |t Т. 53, № 9  |v [С. 474-476]  |d 1991 
610 1 |a электронный ресурс 
610 1 |a труды учёных ТПУ 
610 1 |a гамма-излучения 
701 1 |a Андреяшкин  |b В. Ю. 
701 1 |a Воробьев  |b С. А.  |c физик  |c старший научный сотрудник Томского политехнического университета  |f 1944-1992  |g Сергей Александрович  |3 (RuTPU)RU\TPU\pers\19776 
701 1 |a Забаев  |b В. Н.  |c физик  |c доцент Томского политехнического университета, ведущий научный сотрудник, кандидат физико-математических наук  |f 1946-  |g Виктор Николаевич  |3 (RuTPU)RU\TPU\pers\28133 
701 1 |a Каширин  |b А. П. 
701 1 |a Науменко  |b Г. А.  |c физик  |c ведущий научный сотрудник Томского политехнического университета  |f 1947-  |g Геннадий Андреевич  |3 (RuTPU)RU\TPU\pers\26566 
701 1 |a Потылицын  |b А. П.  |c российский физик  |c профессор Томского политехнического университета  |f 1945-  |g Александр Петрович  |3 (RuTPU)RU\TPU\pers\15853  |9 5531 
701 1 |a Тарасов  |b В. М. 
801 2 |a RU  |b 63413507  |c 20160211  |g RCR 
856 4 |u http://www.jetpletters.ac.ru/ps/202/article_3407.shtml 
942 |c CF